| 000 | 01342nam a2200265Ia 4500 | ||
|---|---|---|---|
| 003 | OSt | ||
| 005 | 20250711142644.0 | ||
| 008 | 191128s2009 sp a jr 000 f spa d | ||
| 020 | _a9788426373434 | ||
| 040 |
_aCO-JMCR _cCO-JMCR |
||
| 041 | _aspa | ||
| 082 | 1 | 4 |
_aN _bDEAl |
| 100 | 1 |
_aDeary, Terry, _eautor _96717 |
|
| 245 | 1 | 0 |
_aLadrones y fogoneros / _cTerry Dear ; ilustración John Kelly ; traducción Máximo Sáez Escribano |
| 260 |
_aMadrid : _bEdelvives, _c2009 |
||
| 300 |
_a218 páginas : _b ilustraciones en blanco y negro ; _c18 cm. |
||
| 490 | 0 | _aAcademia de truhanes del profesor randa | |
| 505 | _aCarruaje y tribunal -- Carbón y crema -- Tarta y policías -- Oro y guardias -- La rata y el ferrocarril -- Ladrones y fogoneros -- Calderas y alguaciles -- Pistolas y fugas -- Secretos y una pala -- Parque y oscuridad -- Telón y dinero -- Fortuna y fama | ||
| 520 | _a1837: en la ciudad inglesa de Winrich acaba de abrirse la primera academia de truhanes del mundo. En ella, los niños de la calle aprenden a no acabar en la cárcel y a sobrevivir robando a ricachones que han hecho su fortuna estafando a los humildes. | ||
| 534 | _pRobbery for rascals | ||
| 650 | 1 | 4 |
_aNovela juvenil _96761 |
| 700 |
_aKelly, John, _e ilustrador _96719 |
||
| 700 |
_aSáez Escribano, Máximo, _e traductor _96720 |
||
| 942 |
_2ddc _cBK |
||
| 999 |
_c4005 _d4005 |
||